000 00489nam a22001577a 4500
005 20170321113435.0
008 170321b xxu||||| |||| 00| 0 eng d
020 _a9780195477801
040 _cPK-LaUMT
082 _a891.4393
_bSHA-P
100 _aشمس الحق عثمانی
245 _aپورا منٹو:
_bتحریروں کے مستند متون/
_cشمس الحق عثمانی
260 _aکراچی:
_bاوکسفرڈ یونیورسٹی،
_c2013
300 _a392 ص
942 _cBK
999 _c91919
_d91919